LEADER 00575naa a2200145 i 4500 001 000000295879 003 CaOOAMICUS 005 20180831172534.0 008 180831n xx u000 u und u 013 $a3287 040 $aSeMil$bita 100 1 $aHammond Bammel, Caroline Penrose.$0(OLS)http://semarc/name/565 245 10$aOrigen's pauline prefaces and the chronology of his "Pauline commentaries". 600 04$aOrigene .$0(OLS)http://semarc/subject/169 996 $6245$aOrigen's pauline prefaces and the chronology of his "Pauline commentaries"$9(OLS)http://semarc/title/371939 LEADER 00975nam a2200229 i 4500 001 000000060092 003 CaOOAMICUS 005 20140828000000.0 008 140828s1987 it u000 u ita u 013 $a31264 020 $a88-372-1307-7 040 $aSeMil$bita 100 1 $aSegalla, Giuseppe,$d<1932-2011>.$0(OLS)http://semarc/name/6026 245 14$aUna storia annunciata :$bI racconti dell'infanzia in Matteo /$cGiuseppe Segalla. 260 $aBrescia :$bMorcelliana,$ccopyr. 1987. 300 $a155 p. ;$c21 cm. 650 4$aBibbia - NT - Matteo - Gesł Cristo - Infanzia.$0(OLS)http://semarc/subject/12013 850 $aSeMil 852 $aSeMil$W1$xVenegono$y1$m2Z IV 172$j26245$B26245$CSeMilBibl$Z2$F26248 $81 996 $6020$a88-372-1307-7$9(OLS)http://semarc/number/36119 996 $6245$aUna storia annunciata :$bI racconti dell'infanzia in Matteo$9(OLS)http://semarc/title/94096 996 $6260$aBrescia :$bMorcelliana$9(OLS)http://semarc/publisher/29629